ბათუმის შოთა რუსთაველის სახელმწიფო უნივერსიტეტის ბიბლიოთეკა

ქართული და ხალხური მეცნიერული პედაგოგიკის ურთიერთობის საკითხები. (ბიბ.ჩანაწერი № 36698)

000 -LEADER
fixed length control field 00955nam a2200229Ia 4500
001 - CONTROL NUMBER
control field 2627
003 - CONTROL NUMBER IDENTIFIER
control field GE_BSU
008 - FIXED-LENGTH DATA ELEMENTS--GENERAL INFORMATION
fixed length control field 181216s||||||||xx |||||||||||||| ||und||
040 ## - CATALOGING SOURCE
Transcribing agency GE_BSU
080 ## - UNIVERSAL DECIMAL CLASSIFICATION NUMBER
Universal Decimal Classification number 37(479.22)
100 ## - MAIN ENTRY--PERSONAL NAME
Personal name ხინთიბიძე, ანტ.
245 ## - TITLE STATEMENT
Title ქართული და ხალხური მეცნიერული პედაგოგიკის ურთიერთობის საკითხები.
245 ## - TITLE STATEMENT
Remainder of title (XiXსაუკუნე).(ძირითადი მომენტები)
245 ## - TITLE STATEMENT
Statement of responsibility, etc. [ რედ ჯ. ბარდაველიძე]
260 ## - PUBLICATION, DISTRIBUTION, ETC.
Place of publication, distribution, etc. თბილისი
260 ## - PUBLICATION, DISTRIBUTION, ETC.
Name of publisher, distributor, etc. განათლება
260 ## - PUBLICATION, DISTRIBUTION, ETC.
Date of publication, distribution, etc. 1986
300 ## - PHYSICAL DESCRIPTION
Extent 197 გვ.
653 ## - INDEX TERM--UNCONTROLLED
Uncontrolled term ქართული და ხალხური პედაგოგიკის ურთიერთობის საკითხები.
942 ## - ADDED ENTRY ELEMENTS (KOHA)
Koha item type წიგნი
ეგზემპლარები
Withdrawn status Lost status Damaged status Not for loan Date acquired Barcode Date last seen Price effective from Koha item type
        2018-12-17 1539 2018-12-17 2018-12-17 წიგნი